000 00194 a2200097 4500
001 4748
100 _aJaworski,I,D
245 _aAtomic energy
260 _a
_bMacmillan
_c
090 _c3941
_d3941
942 _aNUST-CAE
_cM
_c30202
999 _c239821
_d239821